Don't Swallow Your Toothpaste (Record no. 335028)
[ view plain ]
| 000 -LEADER | |
|---|---|
| fixed length control field | 00550nam a2200097Ia 4500 |
| 008 - FIXED-LENGTH DATA ELEMENTS--GENERAL INFORMATION | |
| fixed length control field | 170517s9999 xx 000 0 und d |
| 245 ## - TITLE STATEMENT | |
| Title | Don't Swallow Your Toothpaste |
| 300 ## - PHYSICAL DESCRIPTION | |
| Extent | We all want the best for our children, including sparking white teeth. Children today have fewer fillings than ever before, but what is the truth behind this great success story? Better care of our teeth or the magic ingredient in our toothpaste fluoride? Some parts of... |
| 650 ## - SUBJECT ADDED ENTRY--TOPICAL TERM | |
| General subdivision | Technology. |
| 856 ## - ELECTRONIC LOCATION AND ACCESS | |
| Uniform Resource Identifier | <a href="http://topdocumentaryfilms.com/dont-swallow-your-toothpaste/">http://topdocumentaryfilms.com/dont-swallow-your-toothpaste/</a> |
| Withdrawn status | Lost status | Damaged status | Home library | Current library | Date acquired | Total Checkouts | Date last seen | Price effective from | Koha item type |
|---|---|---|---|---|---|---|---|---|---|
| College Library | College Library | 05/17/2017 | 05/17/2017 | 05/17/2017 | Documentary Films |